EU Countries: Sudden Death - Statistics

General Stats
  • This quiz has been taken 84 times
  • The average score is 11 of 18
Answers on the Grid
Answers color-coded by a green-red scale on the quiz's grid according to % correct below.
Switzerland
Cyprus
Georgia
Sweden
UK
Ireland
Luxembourg
Belgium
Norway
Malta
San Marino
Netherlands
France
Germany
Ukraine
Armenia
Greece
Turkiye
Croatia
Spain
Hungary
Romania
Bulgaria
Transylvania
Serbia
Poland
Czechia
Kosovo
Montenegro
Portugal
 
Answer Stats
Answer % Correct
France
74%
Germany
74%
Netherlands
70%
Belgium
69%
Spain
69%
Ireland
67%
Luxembourg
67%
Portugal
65%
Greece
63%
Poland
63%
Croatia
61%
Sweden
61%
Czechia
59%
Hungary
57%
Cyprus
56%
Malta
52%
Bulgaria
50%
Romania
50%
No matching quizzes found
Score Distribution
Percent of People with Each Score
Percentile by Number Answered
Your Score History
You have not taken this quiz